Things that begin with B - Statistics

General Stats
  • This quiz has been taken 301 times
    250 since last reset
  • The average score is 12 of 15
Answer Stats
Hint Answer % Correct
Mode of public transportation Bus
99%
Place to drink liquor Bar
98%
Most important meal of the day Breakfast
97%
Very young child Baby
96%
Location to store money Bank
93%
Sport that involves fighting Boxing
93%
City divided by a wall between 1961-1989 Berlin
90%
A pathway used to travel across gaps Bridge
84%
Similar to tennis Badminton
81%
Material used to construct most houses Brick
79%
Landlocked country in South America Bolivia
78%
One of the most eaten carbohydrates Bread
73%
A yellow berry Banana
58%
4th element of the periodic table Beryllium
54%
First president of Russia Boris Yeltsin
40%
No matching quizzes found
Score Distribution
Percent of People with Each Score
Percentile by Number Answered
Your Score History
You have not taken this quiz since the last reset